| 000 | 00801nam a22002177a 4500 | ||
|---|---|---|---|
| 999 |
_c19446 _d19446 |
||
| 003 | AR-CdUCM | ||
| 008 | 190517b ||||| |||| 00| 0 spa d | ||
| 040 |
_aMUNICIPALIDAD PROVINCIAL DEL CUSCO _cBIBLIOTECA MUNICIPAL DEL CUSCO |
||
| 082 |
_a974.07 / _bS55 |
||
| 100 |
_aSilva Herzog, Jesús _95012 |
||
| 245 | _aUn ensayo sobre la revolución mexicana / | ||
| 260 |
_aMéxico, D.F : _bCultura, _c1946. |
||
| 300 |
_a126 páginas ; _c20.5 cm. |
||
| 440 |
_aEdiciones cuadernos americanos ; _940773 |
||
| 505 | _aContenido: Las causas de la revolución -- El movimiento armado -- La ideología revolucionaria -- Los gobiernos revolucionarios I... | ||
| 650 |
_aMéxico _918 |
||
| 650 |
_aHistoria _9136 |
||
| 650 |
_aRevolución, 1910-1920 _91278 |
||
| 942 |
_2ddc _cLIBROS |
||
| 945 |
_aacv _d2019-05-17 |
||